Loading...
| Current Events | 3 | 13.33 | 67% | 33% | 33% |
| Fine Arts - Classical Music | 8 | 25.00 | 100% | 88% | 63% |
| Fine Arts - Other Fine Arts | 4 | 20.00 | 100% | 50% | 50% |
| Geography | 4 | 20.00 | 100% | 50% | 50% |
| History - American History | 8 | 21.25 | 100% | 88% | 25% |
| History - European History | 6 | 20.00 | 100% | 83% | 17% |
| History - Other History | 6 | 16.67 | 100% | 33% | 33% |
| History - World History | 7 | 17.14 | 100% | 43% | 29% |
| Literature - American Literature | 7 | 17.14 | 100% | 71% | 0% |
| Literature - British Literature | 6 | 16.67 | 83% | 67% | 17% |
| Literature - European Literature | 3 | 20.00 | 100% | 67% | 33% |
| Literature - World Literature | 4 | 17.50 | 75% | 75% | 25% |
| Mythology | 5 | 24.00 | 100% | 100% | 40% |
| Painting/Sculpture | 5 | 20.00 | 100% | 80% | 20% |
| Philosophy | 2 | 20.00 | 50% | 100% | 50% |
| Pop Culture | 2 | 25.00 | 100% | 100% | 50% |
| Religion | 4 | 15.00 | 100% | 25% | 25% |
| Science - Biology | 6 | 20.00 | 100% | 100% | 0% |
| Science - Chemistry | 7 | 21.43 | 100% | 100% | 14% |
| Science - Other Science | 6 | 18.33 | 100% | 67% | 17% |
| Science - Physics | 3 | 16.67 | 100% | 33% | 33% |
| Social Science | 5 | 22.00 | 100% | 80% | 40% |